| 000 | 00650nam a2200193 i 4500 | ||
|---|---|---|---|
| 001 | 23746 | ||
| 003 | ES-MaACL | ||
| 005 | 20230906152928.0 | ||
| 007 | t| | ||
| 008 | 021212s1973 sp ||||1| spa d | ||
| 100 | 1 |
_aAnderson, Charles J. _921440 |
|
| 245 | 1 | 0 |
_aCircuitos y medidas de corriente continua... / _cCharles J. Anderson, Anthony Santanelli, Fred R. Kulis ; [traducido por Fernando Saccone]. |
| 260 |
_aMadrid : _bParaninfo, _c1973. |
||
| 300 |
_a271 p. : _bil. ; _c21 cm. |
||
| 700 | 1 |
_aSantanelli, Anthony. _9103339 |
|
| 700 | 1 |
_aKulis, Fred R. _969009 |
|
| 700 | 1 |
_aSacconé, Fernando. _9101234 |
|
| 852 |
_aES-MaACL _jC-54003 _bR.86919 |
||
| 999 |
_c23746 _d23746 |
||